MDQL
is popping MORE tags! Check the
thread
!
Quizzes
Events
Quiz Creation
Community
Videos
Private Events
Remove Ads
Sign In
Join for FREE
Feedback
Dark Mode
Quiz Categories
Sports
Geography
Music
Movies
Television
Just For Fun
Miscellaneous
History
Literature
Language
Science
Gaming
Entertainment
Religion
Holiday
For Kids
Quiz Lab
Recent
Popular Today
Quiz Kudos Today
Editor Picks
Curator Picks
Quizzes by...
Day
Popularity
Type
Ratings
Length
Year
Community
Subscriptions
Recent Discussions
Orange Saloon
Badges
Playlists
Quests
Create
Leaderboards
Showdown
Live 5
Trivia Bingo
Activity
Puzzle Library
Sporcle Events
Private Events
Virtual Trivia
Globe League
Become a Host
Pub Owners
SporcleCon
Opinionation
Our Games
Videos
Blog
Mobile Apps
Partnerships
Remove Ads and Go Orange
Feedback
Music
Pop Music
The Beatles
Song
Album
Lyrics
Bands
Singers
Artist
Clip
Rock
Rap
Classical
Billboard
Country Music
Kpop
Taylor Swift
Music
Pop Music
The Beatles
Song
Album
Lyrics
Bands
Singers
Artist
Clip
Rock
Rap
Classical
Billboard
Country Music
Kpop
Taylor Swift
Random Quiz
Search Sporcle
×
Quiz Lab
Quiz Lab
Music
Song
Type in answers that appear in a list
Type in answers that appear in a list
Classic
Best Score? Go Orange.
Guess the Beatles Lyrics (#26) Stats
Can you name the lyrics to this Beatles song?
By
fiendishthingy88
10m
171 Questions
3,602 Plays
3,602 Plays
3,602 Plays
Comments
Comments
Give Quiz Kudos
Give Quiz Kudos
-
- Ratings
hide this ad
Replay
Link that replays current quiz
Next Quiz
Link to next quiz in quiz playlist
You Got
0%
They Got
Avg Score
50%
Avg Friend Score
Upgrade to see
Score Distribution
Jump to the score distribution portion of the page
Score
0/171
Timer
10:00
0
Plays Today
% Correct
I
98.4%
I
98.4%
I
98.4%
I
98.4%
I
98.4%
I
98.4%
a
96.4%
a
96.4%
a
96.4%
a
96.4%
a
96.4%
a
96.4%
a
96.4%
a
96.4%
a
96.4%
the
94.1%
the
94.1%
the
94.1%
the
94.1%
you
92.2%
you?
92.2%
you
92.2%
and
90.5%
and
90.5%
and
90.5%
and
90.5%
and
90.5%
me?
83.4%
me
83.4%
to
83.1%
to
83.1%
to
83.1%
in
79.5%
in
79.5%
In
79.5%
be
77.9%
it
76.2%
it
76.2%
it
76.2%
she
73.9%
on
73.5%
When
73.3%
when
73.3%
when
73.3%
her
71.1%
her
71.1%
her
71.1%
her
71.1%
her
71.1%
her
71.1%
her
71.1%
can
70.8%
with
70.7%
with
70.7%
your
68.9%
where
67.2%
of
66%
% Correct
of
66%
see
60.9%
would
59.6%
would
59.6%
are
56%
like
55.3%
like
55.3%
without
51.5%
us
49.7%
us
49.7%
come
48.3%
some
46.9%
or
46.5%
take
45.2%
out
44.1%
by
44%
Had
42.4%
man
42.2%
look
40.9%
think
40.3%
make
39.8%
Give
38.7%
Got
38.6%
two
38%
little
36%
little
36%
heart
34.7%
Lovely
33.5%
Lovely
33.5%
Lovely
33.5%
Lovely
33.5%
Lovely
33.5%
Lovely
33.5%
Lovely
33.5%
Lovely
33.5%
Lovely
33.5%
Rita
33.5%
Rita
33.5%
Rita
33.5%
Rita
33.5%
Rita
33.5%
Rita!
33.5%
Rita
33.5%
Rita
33.4%
Rita
33.4%
Rita
33.4%
Rita
33.4%
Rita
33.4%
Took
33.2%
Took
33.2%
maid
32.8%
maid
32.8%
maid
32.8%
maid
32.8%
maid
32.8%
maid
32.8%
maid
32.8%
% Correct
maid
32.8%
maid
32.8%
meter
32.7%
meter
32.7%
meter
32.7%
meter
32.7%
meter
32.7%
meter
32.7%
meter
32.7%
meter
32.7%
meter
32.7%
meter
32.7%
made
32.5%
made
32.5%
over
32%
nothing
32%
really
31.7%
home
31.3%
again
31.1%
away
31.1%
told
29.8%
win
29.2%
much
28.9%
tea
28.5%
between
28.5%
Standing
27.6%
may
27.6%
parking
27.4%
white
26.9%
book
26.6%
military
26.6%
tried
26.4%
gets
26.3%
free
25.9%
ticket
25.8%
glimpse
25.7%
looked
25.6%
caught
25.4%
older
24.8%
across
24.7%
dinner
24.4%
shoulder
24.4%
sister
24.2%
sitting
23.9%
nearly
23.6%
wink
23.6%
bag
23.5%
dark
23.5%
sofa
23.1%
filling
22.7%
tow
22.6%
paid
21.2%
inquire
20.9%
laugh
20.8%
bill
20.8%
cap
20.2%
discreetly
18.7%
Quiz Playlist
Details
Report
Send in Message
Add To Playlist
Classic:
Type in answers that appear in a list
Last Updated: Feb 16, 2017
Quiz Scoreboard
CHALLENGE
Sign Up to Join the Scoreboard
Show All
Scores
Hide
Comments
May contain spoilers
Recently Published
Holiday 10x10 Sorting Gallery
by lukepisani3
Holiday
15m
Two Season TV Shows II
by 123Four
Television
10m
Image Sorting: Flags VI
by Barbecue
Geography
2m
More to Explore
Quiz From the Vault
Featured Blog Post
14 Easter Pick-up Lines to Find Eggs With
hide this ad
You Might Also Like...
Tags
Lyrics Quiz
Song Quiz
Today's Top Quizzes in Music
Browse Music
hide this ad
Today's Top Quizzes in Song
Browse Song
Top Contributed Quizzes in Music
1
5X2 Blitz: Bands II
2
Taylor Swift All Songs (2024)
3
5X2 Blitz: The Beatles
4
5X2 Blitz: Billboard
5
Music Artist by Three 2010s hits
6
5X2 Blitz: Billboard II
7
5X2 Blitz: Album
8
5X2 Blitz: Rock
9
5X2 Blitz: Singers
10
5X2 Blitz: Lyrics
Explore More
Trending Topics
Harry Potter
Marvel
NBA
Kpop
Anime
Crossword
Disney
Song
The Office
Country
WWE
NFL
Pokémon
Soccer
Puzzle
hide this ad
More By:
fiendishthingy88
Quiz
Plays
Rating
Category
Featured
Created
Figure Out the Beatles Lyrics III
344,733
4.19
Music
Dec 14, 2009
Figure Out the Beatles Lyrics
330,376
4.04
Music
Dec 15, 2009
Figure Out the Beatles Lyrics V
300,774
4.23
Music
Dec 15, 2009
Figure Out the Beatles Lyrics II
264,925
4.27
Music
Jan 1, 2010
Figure Out the Beatles Lyrics IV
220,920
4.33
Music
Apr 14, 2010
Go to Creator's Profile
Score Distribution
Quiz Creator Spotlight
fiendishthingy88
Follow
Send a Message
Quizzes Created
-
Created Quiz Play Count
-
More By This Creator
Popular Quizzes Today
1
Find the US States - No Outlines Minefield
2
Colored Red Africa Blitz
3
Find the 'City' Movie
4
The Countries of the World
5
5x2 Blitz: Bands
6
Find the Countries of Europe - No Outlines Minefield
7
Find the US States
8
US States
More Music Quizzes
A-Z of Blackpink songs
Quiz Lab
Trending Quizzes
Colored Red Europe Blitz I
Colored Red Europe Blitz II
Colored Red Africa Blitz II
Colored Red Europe Blitz III
Colored Red Africa Blitz III
Recently Updated
Odd Team Out - Big 4 Players
pecheneg
Quick Pick: 20 Twenties
pecheneg
March Madness Men's Triple Doubles
pecheneg
How Do You Spell That?
pecheneg
Godzilla Movies
pecheneg
Grab Bag: 4-10 Letters
pecheneg
2024 March Madness Bracket
pecheneg
Famous TV Couples
Peacemaker
Champions League XIs: Real Madrid
pecheneg
Largest US Cities 1790-2010
pecheneg
Trending Topics
Harry Potter
Disney
Crossword
Kpop
NBA
Anime
Marvel
The Office
NFL
Country
Soccer
WWE
Pokémon
Puzzle
Song
Your Account Isn't Verified!
In order to create a playlist on Sporcle, you need to verify the email address you used during registration. Go to your
Sporcle Settings
to finish the process.
Report this User
Report this user for behavior that violates our
Community Guidelines
.
Details:
Send Report
Go to the Sporcle.com Mobile Site →
Comments